000 00493cam a2200157 a 4500
001 000007135
005 20200929154057.0
008 821208s1953 na 000 0 spa
040 _aDO-SdBNP
_bspa
_cBNPHU
082 _annn
_bO39B
100 1 _aBayle, Constantino,
_919793
245 1 0 _aAlonso de Ojeda /
_cpor Constantino Bayle, S.I.
260 _aCuraçao, (Holanda) :
_bHollandsche Boekhandel,
_c1953.
300 _a107 p. ;
_c21 cm.
600 1 4 _aOJEDA, ALONSO DE
_d1466-1515
_vBIOGRAFÍAS
_919794
999 _c6916
_d6916